[Event "SLO-chT1 East"]
[Site "Slovenia"]
[Date "2019.09.22"]
[Round "6.1"]
[White "Nerat, Ivan"]
[Black "Nareks, Matic"]
[Result "0-1"]
[WhiteElo "2001"]
[BlackElo "1979"]
[PlyCount "74"]
[EventDate "2019.09.06"]
[EventType "team-tourn"]
[EventRounds "9"]
[EventCountry "SLO"]
[SourceTitle "EXT 2020"]
[Source "ChessBase"]
[SourceDate "2019.10.17"]
[SourceVersion "1"]
[SourceVersionDate "2019.10.17"]
[SourceQuality "1"]
[WhiteTeam "Lendava Rokada"]
[BlackTeam "Celjski"]
[WhiteTeamCountry "SLO"]
[BlackTeamCountry "SLO"]

1. Nf3 f5 2. g3 Nf6 3. Bg2 d6 4. c4 g6 5. d3 Bg7 6. Nc3 c6 7. Qc2 e5 8. 0-0 0-0 9. Rb1 a5 10. a3 h6 11. b4 Be6 12. c5 axb4 13. axb4 Nd5 14. e4 Nxc3 15. Qxc3 Na6 16. Nh4 Kh7 17. cxd6 Qxd6 18. Be3 f4 19. Bb6 Rf7 20. Rfd1 fxg3 21. hxg3 Nc7 22. Bxc7 Qxc7 23. Rb2 Rd7 24. Rc1 Qd6 25. Bf1 Bf6 26. Nf3 g5 27. b5 Rc8 28. Qc5 g4 29. Ne1 Qxc5 30. Rxc5 Be7 31. bxc6 Rxc6 32. Rcb5 Rcc7 33. Nc2 Bc5 34. Kg2 Kg6 35. f4 gxf3+ 36. Kxf3 Rf7+ 37. Ke2 Bg4+ 0-1

[Event "SLO-chT1 East"]
[Site "Slovenia"]
[Date "2019.09.21"]
[Round "5.3"]
[White "Nerat, Ivan"]
[Black "Hocevar, Maja"]
[Result "1/2-1/2"]
[WhiteElo "2001"]
[BlackElo "1936"]
[PlyCount "64"]
[EventDate "2019.09.06"]
[EventType "team-tourn"]
[EventRounds "9"]
[EventCountry "SLO"]
[SourceTitle "EXT 2020"]
[Source "ChessBase"]
[SourceDate "2019.10.17"]
[SourceVersion "1"]
[SourceVersionDate "2019.10.17"]
[SourceQuality "1"]
[WhiteTeam "Lendava Rokada"]
[BlackTeam "Pomgrad Radenska II"]
[WhiteTeamCountry "SLO"]
[BlackTeamCountry "SLO"]

1. Nf3 d5 2. g3 Nf6 3. Bg2 c6 4. b3 Bg4 5. Bb2 Nbd7 6. c4 e6 7. 0-0 Be7 8. d3 0-0 9. Nbd2 Qb6 10. Qc2 h6 11. Rfe1 dxc4 12. Nxc4 Qd8 13. Rac1 Rc8 14. e4 Bxf3 15. Bxf3 b5 16. Ne3 c5 17. e5 Nh7 18. Bg2 Qb6 19. Qe2 Rfd8 20. Red1 Nhf8 21. Kh1 Ng6 22. f4 Nh8 23. f5 exf5 24. Nxf5 Bf8 25. Qh5 Qe6 26. Bh3 Qd5+ 27. Bg2 Qe6 28. Bh3 Qd5+ 29. Kg1 Kh7 30. Ne3 Qb7 31. e6 fxe6 32. Bxe6 Rc7 1/2-1/2

[Event "SLO-chT1 East"]
[Site "Slovenia"]
[Date "2018.11.09"]
[Round "7"]
[White "Nerat, Ivan"]
[Black "Peric, Bernard"]
[Result "0-1"]
[WhiteElo "2009"]
[BlackElo "2093"]
[PlyCount "73"]
[EventDate "2018.09.28"]
[EventType "team-tourn"]
[EventRounds "9"]
[EventCountry "SLO"]
[SourceTitle "EXT 2021"]
[Source "ChessBase"]
[SourceDate "2020.10.23"]
[SourceVersion "1"]
[SourceVersionDate "2020.10.23"]
[SourceQuality "1"]

1. d4 Nf6 2. c4 g6 3. Nc3 d5 4. cxd5 Nxd5 5. e4 Nxc3 6. bxc3 Bg7 7. Be3 c5 8. Bc4 0-0 9. Ne2 cxd4 10. cxd4 Qa5+ 11. Qd2 Qxd2+ 12. Kxd2 Nc6 13. Rhd1 Bd7 14. Rac1 a6 15. Ke1 e6 16. d5 Nd8 17. Bb3 exd5 18. Rc7 d4 19. Bxd4 Bc6 20. Bd5 Re8 21. Bxg7 Kxg7 22. Bxc6 Nxc6 23. f3 Rab8 24. Rdd7 Ne5 25. Rd5 b5 26. f4 Ng4 27. Rdd7 Rf8 28. Nd4 Rbe8 29. e5 Kg8 30. h3 Nf6 31. Rd6 Nh5 32. Ne2 Ra8 33. Kf2 Ng7 34. g4 Ne8 35. Rcc6 Nxd6 36. exd6 Rfc8 37. Rb6 0-1

[Event "SLO-chT1 East"]
[Site "Slovenia"]
[Date "2017.11.12"]
[Round "6"]
[White "Nerat, Ivan"]
[Black "Hercog, Nusa"]
[Result "0-1"]
[WhiteElo "2034"]
[BlackElo "2034"]
[PlyCount "72"]
[EventDate "2017.09.29"]
[EventType "team-tourn"]
[EventRounds "9"]
[EventCountry "SLO"]
[SourceTitle "EXT 2019"]
[Source "ChessBase"]
[SourceDate "2018.10.10"]
[SourceVersion "1"]
[SourceVersionDate "2018.10.10"]
[SourceQuality "1"]
[WhiteTeam "Lendava Rokada"]
[BlackTeam "Celjski"]
[WhiteTeamCountry "SLO"]
[BlackTeamCountry "SLO"]

1. Nf3 d5 2. d4 Nf6 3. c4 c6 4. Nc3 e6 5. Bg5 dxc4 6. Bxf6 Qxf6 7. e4 b5 8. a4 Bb4 9. Qc2 a6 10. Be2 Bb7 11. 0-0 Nd7 12. Rfd1 0-0 13. b3 cxb3 14. Qxb3 Bxc3 15. Qxc3 Rac8 16. h3 Nb6 17. Qb4 Rfd8 18. Rdc1 Nd7 19. Ra2 Qf4 20. Re1 Nf6 21. e5 Nd5 22. Qc5 Qh6 23. Bf1 Nf4 24. Kh2 Ng6 25. Qb6 Rb8 26. Qc5 Qf4+ 27. Kg1 Nf8 28. Rc2 Nd7 29. Qe7 c5 30. dxc5 Bxf3 31. gxf3 Nf8 32. a5 Rd7 33. Qxd7 Nxd7 34. Re4 Qxf3 35. c6 Nf6 36. Rd4 Nd5 0-1

[Event "SLO-chT1 East"]
[Site "Slovenia"]
[Date "2016.09.23"]
[Round "1"]
[White "Nerat, Ivan"]
[Black "Peric, Bernard"]
[Result "0-1"]
[WhiteElo "2033"]
[BlackElo "2049"]
[PlyCount "50"]
[EventDate "2016.09.23"]
[EventType "team-tourn"]
[EventRounds "9"]
[EventCountry "SLO"]
[SourceTitle "EXT 2019"]
[Source "ChessBase"]
[SourceDate "2018.10.10"]
[SourceVersion "1"]
[SourceVersionDate "2018.10.10"]
[SourceQuality "1"]
[WhiteTeam "Lendava Rokada"]
[BlackTeam "Zagorje ob Savi"]
[WhiteTeamCountry "SLO"]
[BlackTeamCountry "SLO"]

1. c4 Nf6 2. Nc3 g6 3. g3 Bg7 4. Bg2 e5 5. d3 0-0 6. b4 c6 7. e4 d6 8. Nge2 Na6 9. Rb1 Be6 10. Bg5 h6 11. Bxf6 Bxf6 12. 0-0 Nc7 13. b5 d5 14. bxc6 bxc6 15. Qa4 d4 16. Nd1 Bd7 17. Nc1 Ne6 18. Nb3 Qb6 19. Nb2 Be7 20. Rfc1 Rfb8 21. Nd2 Qb4 22. Qc2 Bg5 23. f4 exf4 24. Nd1 Qa5 25. h4 Be7 0-1

[Event "SLO-chT1 East"]
[Site "Slovenia"]
[Date "2015.11.27"]
[Round "7"]
[White "Nerat, Ivan"]
[Black "Grujic, Predrag"]
[Result "1-0"]
[WhiteElo "2024"]
[BlackElo "1789"]
[PlyCount "87"]
[EventDate "2015.10.16"]
[EventType "team-tourn"]
[EventRounds "9"]
[EventCountry "SLO"]
[SourceTitle "EXT 2019"]
[Source "ChessBase"]
[SourceDate "2018.10.10"]
[SourceVersion "1"]
[SourceVersionDate "2018.10.10"]
[SourceQuality "1"]
[WhiteTeam "Rokada Lendava"]
[BlackTeam "Zagorje ob Savi"]
[WhiteTeamCountry "SLO"]
[BlackTeamCountry "SLO"]

1. d4 d5 2. c4 c6 3. Nf3 e6 4. g3 Ne7 5. Bg2 Ng6 6. 0-0 Bd6 7. Qc2 0-0 8. e4 dxc4 9. Qxc4 Nd7 10. e5 Be7 11. Re1 Nb6 12. Qc2 Nd5 13. Nc3 Bd7 14. h4 Re8 15. Ne4 b6 16. a3 a5 17. Bh3 Rc8 18. h5 Nf8 19. h6 g6 20. Bg5 Rc7 21. Qd2 Bxg5 22. Nfxg5 Re7 23. Rac1 Be8 24. Nd6 Red7 25. b4 axb4 26. axb4 b5 27. Nge4 f5 28. Nc5 Re7 29. Bg2 Nd7 30. Nb3 Nb8 31. Na5 Ra7 32. Ra1 Na6 33. Bxd5 cxd5 34. Rec1 Bd7 35. Nc6 Bxc6 36. Rxc6 Nb8 37. Rc8 Rxa1+ 38. Kg2 Qxc8 39. Nxc8 Rc7 40. Nd6 Rcc1 41. Qg5 Nc6 42. Qf6 Rg1+ 43. Kf3 Nxd4+ 44. Kf4 1-0

[Event "SLO-chT1 East"]
[Site "Celje"]
[Date "2014.10.11"]
[Round "4"]
[White "Nerat, Ivan"]
[Black "Pesec, Franc"]
[Result "1-0"]
[WhiteElo "2021"]
[BlackElo "2131"]
[PlyCount "51"]
[EventDate "2014.10.09"]
[EventType "team-tourn"]
[EventRounds "9"]
[EventCountry "SLO"]
[SourceTitle "EXT 2019"]
[Source "ChessBase"]
[SourceDate "2018.10.10"]
[SourceVersion "1"]
[SourceVersionDate "2018.10.10"]
[SourceQuality "1"]
[WhiteTeam "Rokada Lendava"]
[BlackTeam "Celje"]
[WhiteTeamCountry "SLO"]
[BlackTeamCountry "SLO"]

1. c4 e5 2. Nc3 Nf6 3. g3 d5 4. cxd5 Nxd5 5. Bg2 Nb6 6. d3 Be7 7. Nf3 Nc6 8. a3 0-0 9. 0-0 Be6 10. b4 f6 11. b5 Na5 12. Nd2 a6 13. a4 Nd5 14. Bb2 Bb4 15. Rc1 Nxc3 16. Bxc3 Bxc3 17. Rxc3 axb5 18. axb5 Qd7 19. Qb1 c6 20. Rfc1 Bd5 21. Bxd5+ cxd5 22. Qb4 b6 23. Rc7 Qd8 24. Qg4 Rf7 25. Qe6 Qe8 26. Rc8 1-0

[Event "SLO-chT"]
[Site "Slovenia"]
[Date "2013.12.15"]
[Round "9"]
[White "Nerat, Ivan"]
[Black "Supancic, Darko"]
[Result "0-1"]
[WhiteElo "2042"]
[BlackElo "2342"]
[PlyCount "88"]
[EventDate "2013.11.22"]
[EventType "team-tourn"]
[EventRounds "9"]
[EventCountry "SLO"]
[SourceTitle "EXT 2015"]
[Source "ChessBase"]
[SourceDate "2014.11.20"]
[SourceVersion "1"]
[SourceVersionDate "2014.11.20"]
[SourceQuality "1"]
[WhiteTeam "Rokada Lendava"]
[BlackTeam "Maribor Branik"]
[WhiteTeamCountry "SLO"]
[BlackTeamCountry "SLO"]

1. Nf3 d6 2. c4 c5 3. Nc3 g6 4. d4 cxd4 5. Nxd4 Nf6 6. g3 Nc6 7. Bg2 Bd7 8. 0-0 Bg7 9. e3 0-0 10. b3 a6 11. Bb2 Rb8 12. Qe2 Nxd4 13. exd4 b5 14. cxb5 axb5 15. Rfe1 e6 16. d5 e5 17. b4 Qb6 18. Bf1 Rfc8 19. Qe3 Qb7 20. Qd2 Ne8 21. Ne4 h6 22. f4 f6 23. fxe5 fxe5 24. Bg2 Bf5 25. Rec1 Rxc1+ 26. Rxc1 Qa7+ 27. Qf2 Qxa2 28. Bc3 Qxf2+ 29. Kxf2 Ra8 30. Ra1 Rc8 31. Rc1 Bd7 32. Bb2 Ra8 33. Ra1 Rxa1 34. Bxa1 Kf7 35. Bc3 Ke7 36. h3 Nc7 37. Nd2 Bc8 38. Nf1 Bb7 39. Ne3 h5 40. g4 hxg4 41. hxg4 Bh6 42. Be4 Bxe3+ 43. Kxe3 Nxd5+ 44. Kd2 Kf6 0-1

[Event "SLO-chT1 Ost"]
[Site "Sentjur"]
[Date "2011.10.15"]
[Round "3"]
[White "Nerat, Ivan"]
[Black "Brinovec, David"]
[Result "1-0"]
[WhiteElo "2011"]
[BlackElo "1813"]
[PlyCount "59"]
[EventDate "2011.10.13"]
[EventType "team-tourn"]
[EventRounds "9"]
[EventCountry "SLO"]
[SourceTitle "EXT 2022"]
[Source "ChessBase"]
[SourceDate "2021.10.06"]
[SourceVersion "1"]
[SourceVersionDate "2021.10.06"]
[SourceQuality "1"]
[WhiteTeam "Lendava Rokada"]
[BlackTeam "Zalec"]
[WhiteTeamCountry "SLO"]
[BlackTeamCountry "SLO"]

1. Nf3 d5 2. g3 Nf6 3. Bg2 Nc6 4. d4 Bf5 5. 0-0 e6 6. b3 Nb4 7. Na3 c5 8. Nh4 Bg6 9. Nxg6 hxg6 10. c3 Nc6 11. e3 Rc8 12. Nc2 b5 13. Bb2 Qb6 14. Qe2 a6 15. e4 Rh5 16. g4 Rh4 17. exd5 Qc7 18. f4 Bd6 19. dxc6 Bxf4 20. Rxf4 Qxf4 21. h3 Ke7 22. Qe3 Qc7 23. d5 Ke8 24. Re1 Nxg4 25. hxg4 Qh2+ 26. Kf1 Rxg4 27. Re2 Rg3 28. Qe4 Qh5 29. d6 Rd8 30. c7 1-0

[Event "SLO-chT1 Ost"]
[Site "Sentjur"]
[Date "2011.10.13"]
[Round "1"]
[White "Nerat, Ivan"]
[Black "Hocevar, Maja"]
[Result "1/2-1/2"]
[WhiteElo "2011"]
[BlackElo "1978"]
[PlyCount "42"]
[EventDate "2011.10.13"]
[EventType "team-tourn"]
[EventRounds "9"]
[EventCountry "SLO"]
[SourceTitle "EXT 2022"]
[Source "ChessBase"]
[SourceDate "2021.10.06"]
[SourceVersion "1"]
[SourceVersionDate "2021.10.06"]
[SourceQuality "1"]
[WhiteTeam "Lendava Rokada"]
[BlackTeam "Radenska Pomgrad II"]
[WhiteTeamCountry "SLO"]
[BlackTeamCountry "SLO"]

1. Nf3 d5 2. g3 Nf6 3. Bg2 c6 4. 0-0 Bg4 5. Ne5 Bf5 6. c4 e6 7. d4 Bd6 8. cxd5 exd5 9. Nd3 Nbd7 10. Nc3 0-0 11. Bf4 Bxf4 12. Nxf4 Re8 13. Rc1 h6 14. e3 Nb6 15. b3 Nc8 16. Na4 Nd6 17. Re1 Qa5 18. f3 Re7 19. Nd3 Rae8 20. g4 Bh7 21. Kf2 Qd8 1/2-1/2

[Event "SLO-CupT"]
[Site "Slovenia"]
[Date "2010.12.05"]
[Round "4"]
[White "Gantar, Jan"]
[Black "Nerat, Ivan"]
[Result "1/2-1/2"]
[WhiteElo "2110"]
[BlackElo "2012"]
[PlyCount "97"]
[EventDate "2010.05.09"]
[EventType "team-swiss"]
[EventRounds "5"]
[EventCountry "SLO"]
[SourceTitle "EXT 2024"]
[Source "ChessBase"]
[SourceDate "2023.10.10"]
[SourceVersion "1"]
[SourceVersionDate "2023.10.10"]
[SourceQuality "1"]
[WhiteTeam "Komenda"]
[BlackTeam "Rokada Lendava"]
[WhiteTeamCountry "SLO"]
[BlackTeamCountry "SLO"]

1. e4 e6 2. d4 d5 3. Nd2 dxe4 4. Nxe4 Nd7 5. g3 Ngf6 6. Nxf6+ Nxf6 7. Bg2 e5 8. Qe2 Qxd4 9. Nf3 Qe4 10. Qxe4 Nxe4 11. Nxe5 Nc5 12. 0-0 f6 13. Nc4 Kf7 14. Re1 Ne6 15. Be3 Be7 16. a4 c5 17. Rad1 Rd8 18. Rxd8 Nxd8 19. Bf4 g5 20. Bd6 Be6 21. b3 Nc6 22. Bxe7 Kxe7 23. Bd5 Nd4 24. c3 Rd8 25. Ne3 Nc2 26. Nf5+ Kf8 27. Rxe6 Rxd5 28. Rxf6+ Ke8 29. Ne3 Nxe3 30. Re6+ Kf7 31. Rxe3 Kf6 32. Kf1 Rd1+ 33. Kg2 Rb1 34. c4 g4 35. h3 h5 36. Rd3 b6 37. Rd6+ Kf5 38. Rd5+ Kg6 39. hxg4 hxg4 40. Rd3 Kf6 41. f4 Rb2+ 42. Kf1 Kf5 43. Re3 Rb1+ 44. Ke2 Rb2+ 45. Kd1 Kf6 46. Ke1 Rg2 47. Kd1 Rb2 48. Kc1 Rg2 49. Kd1 1/2-1/2

[Event "SLO Cup"]
[Site "Otocec"]
[Date "2009.05.23"]
[Round "2"]
[White "Nerat, Ivan"]
[Black "Justin, Matjaz"]
[Result "0-1"]
[WhiteElo "2040"]
[BlackElo "2353"]
[PlyCount "70"]
[EventDate "2009.05.22"]
[EventType "team-tourn"]
[EventRounds "5"]
[EventCountry "SLO"]
[SourceTitle "CBM 130 Extra"]
[Source "ChessBase"]
[SourceDate "2009.07.02"]
[SourceVersion "2"]
[SourceVersionDate "2009.07.15"]
[SourceQuality "1"]

1. c4 c5 2. Nc3 Nf6 3. g3 e6 4. e4 Nc6 5. Nf3 d5 6. e5 Ng4 7. Qe2 dxc4 8. h3 Nh6 9. Qxc4 Nf5 10. Qe4 Bd7 11. Bd3 Be7 12. 0-0 Qb8 13. Re1 h5 14. Qf4 g5 15. Nxg5 Bxg5 16. Qxg5 Nxe5 17. Qf6 Nf3+ 18. Kf1 Rh6 19. Qxf5 Nxe1 20. Qg5 Nxd3 21. Qxh6 Qe5 22. Qe3 Qf5 23. g4 hxg4 24. hxg4 Qh7 25. Qe4 Qh3+ 26. Ke2 Nb4 27. Qf3 Qxf3+ 28. Kxf3 Bc6+ 29. Kg3 Rd8 30. Nd1 Nc2 31. Rb1 Be4 32. f3 Rd3 33. Kf4 Bd5 34. b3 Rxf3+ 35. Ke5 Ke7 0-1

[Event "SLO Cup"]
[Site "Otocec"]
[Date "2009.05.23"]
[Round "3"]
[White "Rozman, Mitja"]
[Black "Nerat, Ivan"]
[Result "0-1"]
[WhiteElo "1862"]
[BlackElo "2040"]
[PlyCount "105"]
[EventDate "2009.05.22"]
[EventType "team-tourn"]
[EventRounds "5"]
[EventCountry "SLO"]
[SourceTitle "CBM 130 Extra"]
[Source "ChessBase"]
[SourceDate "2009.07.02"]
[SourceVersion "2"]
[SourceVersionDate "2009.07.15"]
[SourceQuality "1"]

1. e4 e5 2. Nf3 Nc6 3. Bc4 Nd4 4. Nxd4 exd4 5. c3 Nf6 6. e5 d5 7. Bb3 Ng4 8. cxd4 c6 9. g3 Qb6 10. h3 Nh6 11. d3 Qxd4 12. Qe2 Nf5 13. g4 Nh4 14. Bg5 Ng2+ 15. Kf1 Nf4 16. Bxf4 Qxf4 17. Qe3 Qb4 18. Na3 Bc5 19. Nc2 Qb5 20. Qg3 a5 21. Ne1 a4 22. Bc2 Qxb2 23. Rb1 Qc3 24. Kg2 0-0 25. Qh4 f5 26. Rc1 Qxe5 27. Nf3 Qf4 28. g5 Qxh4 29. Nxh4 Ba3 30. Rce1 g6 31. Re3 Bc5 32. Re2 Bd7 33. Nf3 Rfe8 34. Rxe8+ Bxe8 35. d4 Bd6 36. h4 b5 37. h5 Ra7 38. Nh4 Bf4 39. Nf3 Re7 40. Rh4 Bc1 41. Kf1 Kg7 42. Rh1 Bb2 43. Rh4 gxh5 44. Ne5 Bxd4 45. Nxc6 Bxc6 46. Rxd4 Kg6 47. f4 Re3 48. Kf2 Rc3 49. Rd2 b4 50. Bd3 b3 51. a3 d4 52. Ke2 Be4 53. Bxe4 0-1

[Event "SLO-chT1 East"]
[Site "Celje"]
[Date "2008.12.14"]
[Round "5"]
[White "Nerat, Ivan"]
[Black "Grujic, Predrag"]
[Result "1-0"]
[WhiteElo "2040"]
[BlackElo "1500"]
[PlyCount "67"]
[EventDate "2008.11.20"]
[EventType "team-tourn"]
[EventRounds "9"]
[EventCountry "SLO"]
[SourceTitle "EXT 2010"]
[Source "ChessBase"]
[SourceDate "2010.11.25"]
[SourceVersion "1"]
[SourceVersionDate "2010.11.25"]
[SourceQuality "1"]

1. c4 c5 2. Nc3 e5 3. g3 f5 4. d3 d6 5. Bg2 Nc6 6. e3 Nf6 7. Nge2 Bd7 8. a3 a6 9. 0-0 Qc7 10. Rb1 g5 11. f4 exf4 12. exf4 g4 13. d4 h5 14. b4 h4 15. Bb2 cxb4 16. axb4 Nxb4 17. Qb3 Nc6 18. Nd5 Nxd5 19. Bxd5 Rh7 20. Bc3 0-0-0 21. Bxc6 Bxc6 22. d5 Be8 23. Bd4 Rdd7 24. Bb6 Qb8 25. Qd3 Rde7 26. Qxf5+ Bd7 27. Qxf8+ Re8 28. Qf6 Rhe7 29. Rbe1 hxg3 30. hxg3 a5 31. Kf2 Rh7 32. Rh1 Rh3 33. Nd4 Rg8 34. Nf5 1-0